000 00444nam a2200169Ia 4500
999 _c27268
_d27268
003 OSt
005 20210101143014.0
008 190216s9999||||xx |||||||||||||| ||und||
040 _coclc
082 _a894.8123
_bHOM/I
100 _aHomer
_96233
245 0 _aIliad /
_cHomer
260 _bNational Book Stall,
_a Kottayam:
300 _a316p
650 _aGeneral
942 _cBK
_2ddc
_h894.8123
_iHOM/I
_k894.8123
_mHOM/I